000 00506nam a2200181Ia 4500
001 11368
005 20260306162823.0
008 260306t2022||||xx |||||||||||||| ||spa||
041 _aESP
082 _a985.04
_bB141E
100 _aGómez Zanabria, Gonzalo J.,
_eAUT
245 0 _aArequipa y el bicentenario :
_bel proceso de la independencia, conmemoración y espacios públicos
260 _c2022
300 _a567 páginas :
_c20 cm.
650 _aGEN
654 _aCHU
942 _cLIB
_dJUS
_fJUS
_2ddc
_n
999 _c11368
_d11368